000 00375nam a2200121Ia 4500
008 220615s9999||||xx |||||||||||||| ||und||
100 _aElisabetta Lonati
245 0 _aCommunicating Medicine
546 _aEnglish[eng]
650 _aenglish||medicine||language||communication
856 _uhttp://www.ledizioni.it/stag/wp-content/uploads/2017/05/Lonati_web.pdf
942 _cEB
999 _c19046
_d19046